Γραμμή Λευκωσία - Αθήνα
Αποθηκεύτηκε σε:
| Κύριος συγγραφέας: | |
|---|---|
| Μορφή: | Βιβλίο |
| Γλώσσα: | Greek |
| Δημοσίευση: |
Αθήνα :
Κουκίδα,
2007.
|
| Θέματα: | |
| Ετικέτες: |
Προσθήκη ετικέτας
Δεν υπάρχουν, Καταχωρήστε ετικέτα πρώτοι!
|
MARC
| LEADER | 00000cam a2200000 a 4500 | ||
|---|---|---|---|
| 001 | 1/120155 | ||
| 008 | 191018s2007####gr | ||| |||| ||gre|| | ||
| 020 | |a 9789608796386 | ||
| 040 | |a GR-MyUa |b gre |c GR-MyUa |e AACR2 | ||
| 041 | 0 | |a gre | |
| 082 | 7 | |a 889.09 |2 (23) | |
| 100 | 1 | |a Παύλου, Σάββας, |d 1951-2016. | |
| 245 | 1 | 0 | |a Γραμμή Λευκωσία - Αθήνα / |c Σάββας Παύλου. |
| 260 | |a Αθήνα : |b Κουκίδα, |c 2007. | ||
| 300 | |a 312 σ. ; |c 25 εκ. | ||
| 504 | |a Περιλαμβάνει βιβλιογραφικές παραπομπές. | ||
| 650 | 0 | |a Greek literature |x History and criticism. | |
| 650 | 0 | |a Cyprian literature |x History and criticm. | |
| 650 | 0 | |a Greek newspapers |x History. | |
| 852 | |a INST |b RHODES |e 20191018 |h 889.09 ΠΑΥ |p 005400041198 |q 005400041198 |t BK |y 0 | ||
| 920 | |a Ζαφειρίου |b Λεύκιος |y Ρόδος |z 2019-10 | ||
| 970 | |a Μαρία |b Κωτάκου |z 18-10-2019 | ||